[Event "Challenge"]
[Site "http://www.queenalice.com/game.php?id=751539"]
[Date "2010.3.25"]
[Round "-"]
[White "ymfrancois"]
[Black "Menalque"]
[Result "0-1"]
[WhiteElo "1858"]
[BlackElo "1886"]

1. c4 e5 2. e4 Nf6 3. d3 d6 4. h3 Be6 5. a3 Be7 6. b4 c6 7. Be2 Nbd7 8. Nf3 Nf8
9. O-O Bxh3 10. gxh3 Ng6 11. Bg5 Nh5 12. Kh2 f6 13. Be3 Ngf4 14. Nc3 g5 15. Nd2
Nxe2 16. Qxe2 Ng7 17. Rg1 Qd7 18. f4 exf4 19. Bd4 h5 20. Kg2 g4 21. hxg4 hxg4
22. Kf1 g3 23. Nf3 Ne6 24. Ra2 Nxd4 25. Nxd4 O-O-O 26. Nf5 Rh2 27. Qf3 Rxa2 28.
Nxa2 Rh8 29. Rg2 Bf8 30. Qxf4 Rh1+ 31. Rg1 Rh2 32. Rxg3 Rxa2 33. Rg8 Kc7 34.
Rxf8 Rxa3 35. Ke2 Qh7 36. Nh6 Kb6 37. Rxf6 Qg7 38. Ng4 Qh8 39. Qh6 Qg8 40. Qg6
Qh8 41. Nh6 Rb3 42. b5 Qc8 43. Qg3 Qe8 44. Qxd6 Qh5+ 45. Rf3 Rb2+ 46. Ke3 Qg5+
47. Qf4 Qg1+ 48. Rf2 Qe1+ 49. Kd4 Qxf2+ 50. Qxf2 Rxf2 51. Ng4 Rf8 52. Ne5 Rd8+
53. Kc3 cxb5 54. Nf7 Rf8 55. Ne5 Rc8 56. Kb4 a5+ 57. Kb3 Rd8 58. cxb5 Kxb5 59.
Kc3 Kc5 60. Nf3 Rc8 61. Kb3 b5 62. d4+ Kd6 63. d5 Rc4 64. Ng5 a4+ 65. Ka3 Rc3+
66. Kb4 Rb3+ 67. Ka5 a3 68. Nf7+ Ke7 69. Ne5 a2 0-1

[Event "Desafio da Primavera"]
[Site "http://www.queenalice.com/game.php?id=776946"]
[Date "2010.5.17"]
[Round "-"]
[White "mouderjr"]
[Black "Menalque"]
[Result "0-1"]
[WhiteElo "1942"]
[BlackElo "1859"]

1. d4 Nf6 2. c4 c5 3. Nf3 cxd4 4. Nxd4 e5 5. Nb3 Nc6 6. e3 b6 7. Be2 Bb7 8. Bf3
Be7 9. O-O O-O 10. Qc2 Bd6 11. Rd1 Bc7 12. Nc3 Nb4 13. Qe2 Bxf3 14. Qxf3 e4 15.
Nxe4 Nxe4 16. Qxe4 Re8 17. Qf3 Be5 18. Rb1 d6 19. a3 Na6 20. Nd2 Qc7 21. Nf1
Qxc4 22. b3 Qe6 23. Bd2 Nc5 24. e4 Qg6 25. Re1 Qf6 26. Qg4 Qe6 27. Qxe6 Rxe6 28.
Red1 Nxe4 29. Be3 Nc3 30. f4 Bf6 31. f5 Ree8 32. Nd2 Rxe3 33. Nc4 Re7 34. Rdc1
Nxb1 35. Rxb1 Rd8 36. g4 g5 37. Rd1 d5 0-1

[Event "Challenge"]
[Site "http://www.queenalice.com/game.php?id=782942"]
[Date "2010.5.30"]
[Round "-"]
[White "Menalque"]
[Black "Saintsalles"]
[Result "1-0"]
[WhiteElo "1878"]
[BlackElo "1675"]

1. d4 d5 2. c4 c6 3. g3 Bf5 4. Nc3 e6 5. Nf3 dxc4 6. e4 Bg4 7. Bg2 Bb4 8. O-O h6
9. a3 Ba5 10. Qc2 b5 11. Be3 Na6 12. e5 Ne7 13. Ne4 Nd5 14. Nd6+ Ke7 15. Nh4
Nxe3 16. fxe3 g5 17. Rxf7# 1-0

[Event "Challenge"]
[Site "http://www.queenalice.com/game.php?id=782943"]
[Date "2010.5.30"]
[Round "-"]
[White "Saintsalles"]
[Black "Menalque"]
[Result "0-1"]
[WhiteElo "1653"]
[BlackElo "1901"]

1. e4 e6 2. d4 d5 3. e5 c5 4. Bg5 Qb6 5. b3 cxd4 6. a4 Nc6 7. Nf3 Bc5 8. Bh4
Nge7 9. Bb5 O-O 10. Qe2 Ng6 11. Bg5 Qc7 12. Bd2 Ncxe5 13. Bd3 Nxf3+ 14. Qxf3 Ne5
15. Qe2 Nxd3+ 16. cxd3 Bd6 17. O-O Bxh2+ 18. Kh1 Bd6 19. Rc1 Qe7 20. g3 b6 21.
Kg2 Qf6 22. Rh1 Qg6 23. Rh4 e5 24. b4 Bb7 25. Rg4 Qf6 26. Bg5 Qe6 27. b5 Rfe8
28. Rh4 Qg6 29. Rg4 f5 30. Rh4 Qxg5 31. Nd2 e4 32. dxe4 fxe4 33. Rg4 Qf6 34. Rh1
d3 35. Qd1 e3 36. Nf3 d4 37. fxe3 dxe3 38. Qb3+ Kh8 39. Rf1 e2 40. Re1 Bxf3+ 41.
Kh3 d2 0-1

[Event "Challenge (défi)"]
[Site "http://www.queenalice.com/game.php?id=791562"]
[Date "2010.6.17"]
[Round "-"]
[White "TheAvenger"]
[Black "Menalque"]
[Result "0-1"]
[WhiteElo "1859"]
[BlackElo "1920"]

1. e4 e6 2. d4 d5 3. exd5 exd5 4. Nf3 Bd6 5. Nc3 Nf6 6. Bg5 Be6 7. Bd3 c6 8. O-O
Nbd7 9. Re1 Be7 10. a3 O-O 11. h3 h6 12. Bh4 Re8 13. b4 b5 14. Nxb5 cxb5 15.
Bxb5 Qb6 16. Ba4 a5 17. c3 Ne4 18. Qc2 Bxh4 19. Nxh4 Rec8 20. Re3 Ndf6 21. Nf3
Rc7 22. Nd2 axb4 23. Nxe4 Nxe4 24. f3 Ng3 25. axb4 Qxd4 0-1

[Event "Challenge"]
[Site "http://www.queenalice.com/game.php?id=797361"]
[Date "2010.7.1"]
[Round "-"]
[White "Saintsalles"]
[Black "Menalque"]
[Result "0-1"]
[WhiteElo "1674"]
[BlackElo "1914"]

1. e4 e5 2. Bc4 Bc5 3. d3 Nc6 4. a3 a6 5. c3 d6 6. b4 Ba7 7. h3 Qf6 8. Nf3 Qg6
9. Ng5 Nh6 10. O-O O-O 11. Nf3 Kh8 12. Qe2 f6 13. Nh4 Qe8 14. Bxh6 gxh6 15. Nf5
Bxf5 16. exf5 Nd8 17. d4 exd4 18. Qd3 c6 19. Nd2 d5 20. cxd4 Rg8 21. Bb3 Nf7 22.
Rae1 Qf8 23. g3 Qg7 24. Kh2 Bb8 25. f4 Nd6 26. Bc2 Bc7 27. Rg1 Rae8 28. Qf1 Nb5
29. a4 Nxd4 30. Bd3 Bb6 31. Rg2 Qf8 32. Rb1 Rg7 33. g4 Rge7 34. a5 Ba7 35. g5
hxg5 36. fxg5 Re3 37. b5 Bb8+ 38. Kg1 axb5 39. h4 Rh3 40. Rg4 Ree3 41. Bxb5 Nxb5
42. g6 hxg6 43. fxg6 Ba7 44. Kg2 Kg7 45. Re1 Qd6 46. Qg1 Reg3+ 47. Rxg3 Qxg3+
48. Kf1 Qxg1+ 49. Ke2 Nc3# 0-1

[Event "Challenge"]
[Site "http://www.queenalice.com/game.php?id=797362"]
[Date "2010.7.1"]
[Round "-"]
[White "Menalque"]
[Black "Saintsalles"]
[Result "1-0"]
[WhiteElo "1907"]
[BlackElo "1680"]

1. d4 d5 2. Nf3 Nc6 3. Nc3 e6 4. a3 h6 5. g3 Nf6 6. Bg2 Bd6 7. O-O O-O 8. Nd2
Nxd4 9. e4 dxe4 10. Ndxe4 Be5 11. Be3 Nxe4 12. Bxe4 f5 13. f4 Bf6 14. Bg2 c5 15.
Qd3 b6 16. Bxa8 Bd7 17. Bg2 Qc7 18. Rae1 c4 19. Qd2 Rd8 20. Bxd4 Bxd4+ 21. Qxd4
Bc6 22. Qf2 Bxg2 23. Qxg2 Qc5+ 24. Qf2 Qc8 25. Re3 Re8 26. Rfe1 Kf7 27. Qe2 a6
28. Nd5 Qc6 29. Nb4 Qc8 30. c3 a5 31. Nc2 Qc5 32. Kf1 Qc8 33. Nd4 Qa8 34. Kg1
Qc8 35. Nxf5 Qc5 36. Nd4 Kf6 37. Rxe6+ 1-0

[Event "AUTO-ADV-1896"]
[Site "http://www.queenalice.com/game.php?id=830546"]
[Date "2010.9.9"]
[Round "1"]
[White "mardlucca"]
[Black "Menalque"]
[Result "0-1"]
[WhiteElo "1787"]
[BlackElo "1881"]

1. e4 e6 2. d4 d5 3. Nc3 c5 4. Nf3 Nc6 5. dxc5 Bxc5 6. exd5 exd5 7. Qxd5 Qe7+ 8.
Be2 Nf6 9. Qd2 O-O 10. O-O b6 11. Re1 Qc7 12. a3 Bb7 13. b4 Rad8 14. Bd3 Bd6 15.
Nb5 Qb8 16. Nxd6 Rxd6 17. Bb2 h6 18. Ne5 Rfd8 19. Re3 Qa8 20. Rg3 g5 21. h4 Ne4
22. Qe3 Nxg3 23. Qxg3 Nxe5 24. Bxe5 Re6 25. hxg5 hxg5 26. Qxg5+ Kf8 0-1

[Event "AUTO-ADV-1896"]
[Site "http://www.queenalice.com/game.php?id=830547"]
[Date "2010.9.9"]
[Round "1"]
[White "Menalque"]
[Black "mardlucca"]
[Result "1-0"]
[WhiteElo "1909"]
[BlackElo "1876"]

1. d4 Nf6 2. c4 e6 3. Nc3 d5 4. b3 c6 5. g3 b6 6. Bg2 Be7 7. Qc2 O-O 8. e4 dxe4
9. Nge2 Na6 10. a3 Bb7 11. Nxe4 Qd7 12. Bb2 Nc7 13. Rd1 Nce8 14. O-O c5 15. dxc5
Qc7 16. cxb6 axb6 17. N2c3 Bxa3 18. Nxf6+ Nxf6 19. Nb5 Qe7 20. Bxb7 1-0

[Event "AUTO-ADV-1896"]
[Site "http://www.queenalice.com/game.php?id=830562"]
[Date "2010.9.9"]
[Round "1"]
[White "nenem"]
[Black "Menalque"]
[Result "0-1"]
[WhiteElo "1946"]
[BlackElo "1912"]

1. d4 Nf6 2. c4 d6 3. Nc3 g6 4. e4 Bg7 5. Bd3 O-O 6. Nge2 e5 7. O-O b6 8. dxe5
dxe5 9. Bg5 c6 10. h4 Qd6 11. Qc2 h6 12. Bxf6 Qxf6 13. f4 exf4 14. Rxf4 Qe7 15.
Raf1 Be5 16. R4f2 Qxh4 17. Nf4 g5 18. g3 Qxg3+ 19. Rg2 Qe3+ 20. Kh1 Bxf4 21.
Rxf4 Qxf4 22. Ne2 Qe5 23. Nc3 Be6 24. Qe2 Nd7 25. Qh5 Kg7 26. Ne2 Nc5 27. Bc2
Nxe4 28. Qf3 f5 29. Nf4 Bxc4 30. Nh5+ Kg8 31. Kg1 Bd5 32. Re2 Rae8 33. Bxe4 Bxe4
34. Qb3+ Kh7 35. Ng3 Qc5+ 36. Kh2 Bd5 0-1

[Event "AUTO-ADV-1896"]
[Site "http://www.queenalice.com/game.php?id=830563"]
[Date "2010.9.9"]
[Round "1"]
[White "Menalque"]
[Black "nenem"]
[Result "1-0"]
[WhiteElo "1929"]
[BlackElo "1889"]

1. c4 c6 2. Nc3 e5 3. Nf3 Bd6 4. d4 exd4 5. Nxd4 Bc5 6. e3 Nf6 7. Bd3 O-O 8. O-O
Na6 9. a3 d5 10. b4 Bxd4 11. exd4 dxc4 12. Bxc4 b5 13. Bb3 Be6 14. Bxe6 fxe6 15.
Bb2 Nc7 16. Qd3 Ncd5 17. Ne2 a5 18. bxa5 Qc7 19. Ng3 h5 20. Qe2 Nf4 21. Qe5 Qxe5
22. dxe5 Ng4 23. Rad1 h4 24. h3 Nxf2 25. Rxf2 Nxh3+ 26. gxh3 hxg3 27. Rxf8+ Kxf8
28. Bc3 Ke7 29. Bb4+ Kf7 30. Kg2 Rh8 31. Kxg3 Rh5 32. Rf1+ Kg6 33. Bd6 c5 34.
Rb1 Kf5 35. Rxb5 Rg5+ 36. Kh2 c4 37. Rc5 Ke4 38. Rxc4+ Kf3 39. Rg4 Rf5 40. Rxg7
Rf4 41. a6 Rd4 42. Rg3+ Kf4 43. Rg4+ 1-0

[Event "AUTO-ADV-1896"]
[Site "http://www.queenalice.com/game.php?id=830574"]
[Date "2010.9.9"]
[Round "1"]
[White "Menalque"]
[Black "colombHouse"]
[Result "0-1"]
[WhiteElo "1934"]
[BlackElo "1952"]

1. d4 d5 2. c4 c6 3. Nf3 dxc4 4. e4 b5 5. b3 e5 6. Ba3 Bxa3 7. Nxa3 Qa5+ 8. Qd2
Qxa3 9. bxc4 Nf6 10. Qc2 exd4 11. Nxd4 O-O 12. Bd3 Rd8 13. Nb3 Na6 14. e5 Nb4
0-1

[Event "AUTO-ADV-1896"]
[Site "http://www.queenalice.com/game.php?id=830575"]
[Date "2010.9.9"]
[Round "1"]
[White "colombHouse"]
[Black "Menalque"]
[Result "1-0"]
[WhiteElo "2071"]
[BlackElo "1919"]

1. d4 Nf6 2. c4 c5 3. d5 b5 4. cxb5 a6 5. bxa6 Bxa6 6. Nc3 g6 7. Nf3 d6 8. e4
Bxf1 9. Rxf1 Bg7 10. a3 Nbd7 11. Rb1 O-O 12. Qd3 Qb8 13. Bf4 Rc8 14. Qc4 Nb6 15.
Qa2 Rc7 16. Nd2 Rb7 17. f3 Na4 18. Nxa4 Rxa4 19. Be3 Qa8 20. Kf2 Nd7 21. Nc4 Ne5
22. b3 Nxc4 23. bxa4 Nxe3 24. Rxb7 Qxb7 25. Kxe3 Bd4+ 26. Kd3 Qa6+ 27. Qc4 Qa7
28. Qb5 Kf8 29. a5 e6 30. dxe6 fxe6 31. Rb1 1-0

[Event "Challenge"]
[Site "http://www.queenalice.com/game.php?id=833573"]
[Date "2010.9.16"]
[Round "-"]
[White "filomenos"]
[Black "Menalque"]
[Result "1-0"]
[WhiteElo "1899"]
[BlackElo "1897"]

1. d4 d5 2. g3 Nf6 3. Bg2 e6 4. Nf3 c5 5. Bg5 Be7 6. O-O b6 7. c3 Nc6 8. dxc5
bxc5 9. Nbd2 O-O 10. Re1 Rb8 11. Bxf6 Bxf6 12. e4 g6 13. exd5 exd5 14. Qc1 Bb7
15. Nb3 Qb6 16. Qe3 Rbe8 17. Qxc5 Ne7 18. Qxb6 axb6 19. Nbd4 Nc8 20. Nb5 Rd8 21.
Nfd4 Nd6 22. Nxd6 Rxd6 23. Nb5 Rd7 24. Rad1 Rfd8 25. Nd4 Kf8 26. h4 Re8 27. Re2
Rxe2 28. Nxe2 Be5 29. Nd4 Re7 30. Nb5 Rd7 31. b3 Bc6 32. Nd4 Bb7 33. Re1 f6 34.
f4 Bxd4+ 35. cxd4 Kf7 36. b4 Rc7 37. Bh3 Rc4 38. Be6+ Kf8 39. b5 f5 40. Rd1 Rc2
41. a3 1-0

[Event "Challenge"]
[Site "http://www.queenalice.com/game.php?id=845154"]
[Date "2010.10.13"]
[Round "-"]
[White "ORNELAS"]
[Black "Menalque"]
[Result "1-0"]
[WhiteElo "1656"]
[BlackElo "1924"]

1. b3 e6 2. d4 d5 3. g3 Nf6 4. Bb2 Nbd7 5. Bg2 b6 6. c3 c5 7. Nf3 Bb7 8. Nbd2
Be7 9. e3 Rc8 10. Ng5 O-O 11. O-O h6 12. Ngf3 Bd6 13. Ba3 e5 14. dxe5 Nxe5 15.
Nh4 Qd7 16. Ndf3 Nxf3+ 17. Nxf3 1-0

[Event "OS INCLIVEIS"]
[Site "http://www.queenalice.com/game.php?id=845157"]
[Date "2010.10.13"]
[Round "-"]
[White "adelio"]
[Black "Menalque"]
[Result "0-1"]
[WhiteElo "1738"]
[BlackElo "1893"]

1. d4 Nf6 2. g3 d5 3. b4 e6 4. b5 c6 5. a4 cxb5 6. axb5 b6 7. Bg5 Be7 8. Bxf6
Bxf6 9. e3 O-O 10. Nf3 Nd7 11. Nbd2 Bb7 12. Bg2 Qc7 13. O-O e5 14. Ra4 a6 15.
bxa6 Bxa6 16. g4 Bxf1 17. Rxa8 Rxa8 18. Bxf1 e4 19. g5 Be7 20. Ne5 Nxe5 21. dxe5
Qxe5 22. Qg4 Bd6 23. Qh5 g6 24. Qh4 Ra2 25. Nb3 Rxc2 26. Nd4 Rc1 27. f4 Qe8 28.
Kg2 Qa4 29. Qf2 Qa3 30. Ne2 Rc2 31. h4 Bc5 32. Qg3 Bxe3 33. Kh1 Qc5 34. Qg4 d4
35. Ng3 Rc1 36. Qh3 Qc6 37. f5 Bf4 38. Kh2 gxf5 39. Qxf5 Rxf1 40. Kh3 Rf3 41.
Qg4 Kf8 42. h5 Rxg3+ 43. Qxg3 Bxg3 44. Kxg3 e3 45. h6 e2 46. Kf2 d3 47. Ke1 Qc1+
48. Kf2 e1=Q+ 49. Kf3 Qce3+ 50. Kg4 Q1g3+ 51. Kf5 Qe6# 0-1

[Event "Challenge"]
[Site "http://www.queenalice.com/game.php?id=855176"]
[Date "2010.11.5"]
[Round "-"]
[White "Menalque"]
[Black "mteles"]
[Result "0-1"]
[WhiteElo "1887"]
[BlackElo "1773"]

1. d4 d5 2. c4 e6 3. Nc3 Nf6 4. g3 Nc6 5. Bg5 Be7 6. Bg2 dxc4 7. Nf3 Bd7 8. O-O
a6 9. Qc2 Nb4 10. Qc1 O-O 11. a3 Nbd5 12. Ne5 b5 13. Qc2 Rc8 14. b3 Nxc3 15.
Qxc3 cxb3 16. Qxb3 c5 17. dxc5 Rxc5 18. Nxd7 Qxd7 19. Rad1 Qc7 20. Rd3 Rc1 21.
Rdd1 Rxd1 22. Rxd1 Rd8 23. Rb1 Qc5 24. Be3 Qxa3 25. Qxa3 Bxa3 26. Bb6 Rd2 27. e3
Nd7 28. Ba5 Rc2 29. Rd1 Rc1 30. Rxc1 Bxc1 31. Bb4 Nb6 32. Bb7 Nd5 33. Ba5 Ba3
34. Bxa6 b4 35. Bc4 Kf8 36. Kf1 Ke7 37. Ke2 Kd6 38. Kd2 Nc3 39. Kc2 Kc5 40. Bd3
h6 41. Bd8 Kd6 42. Kb3 f5 43. Bc2 Ne4 44. f3 Nd2+ 45. Ka2 Nxf3 46. Ba5 Nd2 0-1

[Event "OS INCLIVEIS"]
[Site "http://www.queenalice.com/game.php?id=872138"]
[Date "2010.12.15"]
[Round "-"]
[White "adelio"]
[Black "Menalque"]
[Result "0-1"]
[WhiteElo "1720"]
[BlackElo "1903"]

1. g3 e5 2. b3 Nf6 3. Bb2 Nc6 4. Bg2 d6 5. h3 Be6 6. a3 Bd5 7. f3 Qe7 8. e4 Be6
9. d3 Nh5 10. Ne2 g6 11. Nd2 O-O-O 12. c4 f5 13. b4 Bg7 14. Qa4 Kb8 15. Bf1 Bd7
16. b5 Nd4 17. Nxd4 exd4 18. Bxd4 Bxd4 19. Rb1 Nxg3 20. Rh2 Qh4 21. Kd1 fxe4 22.
Kc2 Nxf1 23. Rxf1 exd3+ 24. Kb1 Qf4 25. Rfh1 Rhe8 26. Qd1 Bf5 27. Ne4 Rxe4 28.
Ra2 Re2 29. Rxe2 dxe2+ 30. Qc2 Bxc2+ 31. Kxc2 Qxf3 32. Rc1 Qc3+ 33. Kb1 Qb2# 0-1

[Event "desafio de inverno"]
[Site "http://www.queenalice.com/game.php?id=890123"]
[Date "2011.1.23"]
[Round "-"]
[White "jbinow"]
[Black "Menalque"]
[Result "1-0"]
[WhiteElo "1994"]
[BlackElo "1899"]

1. e4 e6 2. d4 d5 3. e5 c5 4. c3 Nc6 5. Bb5 Bd7 6. Bxc6 Bxc6 7. Nf3 Bb5 8. Na3
Qb6 9. Qb3 Bd3 10. Qa4+ Qc6 11. Qxc6+ bxc6 12. Kd2 Ba6 13. b3 Nh6 14. Nc2 Ng4
15. Ke1 g6 16. h3 Nh6 17. Bg5 cxd4 18. Ncxd4 c5 19. Nc6 Nf5 20. g4 Ne7 21. Bf6
Rg8 22. Na5 Bg7 23. Ng5 h6 24. Nf3 Bxf6 25. exf6 Nc8 26. Nc6 Bb5 27. Nce5 Nd6
28. a4 Ba6 29. b4 cxb4 30. cxb4 Ne4 31. b5 Bb7 32. Rc1 Nxf6 33. Rc7 Rc8 34.
Rxc8+ Bxc8 35. Ke2 Ke7 36. Rc1 Nd7 37. Nc6+ Kf6 38. Nxa7 Nb6 39. a5 Nc4 40. Nd2
Bd7 41. Nxc4 dxc4 42. Rxc4 Ra8 43. b6 1-0

[Event "Challenge"]
[Site "http://www.queenalice.com/game.php?id=893299"]
[Date "2011.1.30"]
[Round "-"]
[White "Menalque"]
[Black "plot24"]
[Result "0-1"]
[WhiteElo "1943"]
[BlackElo "1924"]

1. d4 d5 2. e4 dxe4 3. Nc3 Nf6 4. f3 exf3 5. Nxf3 e6 6. Bd3 c5 7. Be3 cxd4 8.
Nxd4 a6 9. Nf3 Bd6 10. O-O Bd7 11. Qe2 Bc6 12. Rad1 Qc7 13. g3 Nbd7 14. a3 h5
15. Bf4 Bxf4 16. gxf4 Qxf4 17. Rd2 h4 18. Kf2 Bxf3 19. Qxf3 Qxd2+ 20. Kg1 Qg5+
21. Kh1 O-O-O 22. Rg1 Ne5 23. Qf2 Nxd3 24. cxd3 Qf5 25. Qxf5 exf5 26. Rxg7 Rxd3
27. Rxf7 Ne4 28. Rxf5 Nxc3 29. Rc5+ Kd7 30. bxc3 Rg8 0-1

[Event "Défi JM blanc"]
[Site "http://www.queenalice.com/game.php?id=1235193"]
[Date "2013.11.25"]
[Round "-"]
[White "Menalque"]
[Black "clovis"]
[Result "1-0"]
[WhiteElo "1866"]
[BlackElo "2087"]

1. e4 e5 2. Nf3 Nc6 3. Bc4 Nf6 4. Ng5 d5 5. exd5 Na5 6. Bb5+ c6 7. dxc6 bxc6 8.
Be2 h6 9. Nf3 e4 10. Ne5 Bd6 11. f4 O-O 12. Nc3 Re8 13. O-O Bxe5 14. fxe5 Rxe5
15. d3 e3 16. Bf3 Qd4 17. Ne2 Qh4 18. Qe1 Qg5 19. b3 Ng4 20. Qg3 Be6 21. c4 h5
22. h4 Qf5 23. Be4 Rxe4 24. Rxf5 Bxf5 25. dxe4 Bxe4 26. Bxe3 Rd8 27. Qf4 f5 28.
Qc7 Rd3 29. Bd4 1-0

[Event "Défi JM côté obscur"]
[Site "http://www.queenalice.com/game.php?id=1235194"]
[Date "2013.11.25"]
[Round "-"]
[White "clovis"]
[Black "Menalque"]
[Result "1/2-1/2"]
[WhiteElo "1994"]
[BlackElo "1891"]

1. e4 e6 2. d4 d5 3. exd5 exd5 4. Nf3 Bg4 5. Bd3 Nc6 6. c3 Nf6 7. O-O Be7 8. h3
Bh5 9. Bg5 O-O 10. Re1 Re8 11. Nbd2 Bg6 12. Ne5 Bxd3 13. Nxd3 Qd7 14. Nc5 Bxc5
15. dxc5 Rxe1+ 16. Qxe1 Re8 17. Qd1 Re6 18. Bxf6 Rxf6 19. Nf3 Re6 20. Nd4 Nxd4
21. cxd4 c6 22. Qd2 h6 23. Re1 Rg6 24. Qd3 Re6 25. Re3 Qe7 26. Rxe6 Qxe6 27. Kf1
Qe7 28. b4 a6 29. a4 Qg5 30. b5 Qc1+ 31. Ke2 Qb2+ 32. Kf3 axb5 33. axb5 cxb5 34.
Qe3 b4 35. Qe8+ Kh7 36. Qxf7 Qxd4 37. Qf5+ Kg8 38. Qc8+ Kh7 39. Qf5+ Kg8 40.
Qc8+ Kh7 41. Qf5+ Kg8 1/2-1/2